| Поле | Инд. | ПП | Название | Значение |
|---|---|---|---|---|
| Тип записи | a | |||
| Библиографический уровень | b | |||
| 001 | Контрольный номер | RU/IS/BASE/386869452 | ||
| 005 | Дата корректировки | 20200522191519.7 | ||
| 008 | Кодируемые данные | 20120404 | ||
| 084 | a | Индекс другой классификации/Индекс ББК | 65с51 | |
| 100 | 1_ | a | Автор | Клименко С. |
| 245 | a | Заглавие | Сбор маркетинговой информации и конкурентная разведка с использованием современных информационных технологий и коммуникаций. Социальные сети | |
| 504 | a | Библиография | Библиогр. | |
| 520 | a | Аннотация | Описаны методы сбора маркетинговой информации и конкурентной разведки с помощью социальных сетей. | |
| 650 | a | Основная рубрика | экономика | |
| 653 | a | Ключевые слова | ВКонтакте (социальная сеть) | |
| a | Ключевые слова | Живой Журнал (социальная сеть) | ||
| a | Ключевые слова | интернет | ||
| a | Ключевые слова | интернет-форумы | ||
| a | Ключевые слова | информационные коммуникации | ||
| a | Ключевые слова | информационные технологии | ||
| a | Ключевые слова | конкурентная разведка | ||
| a | Ключевые слова | маркетинг | ||
| a | Ключевые слова | маркетинговая информация | ||
| a | Ключевые слова | Одноклассники (социальная сеть) | ||
| a | Ключевые слова | Россия | ||
| a | Ключевые слова | сетевые игры | ||
| a | Ключевые слова | социальная среда | ||
| a | Ключевые слова | социальные сети | ||
| a | Ключевые слова | Твиттер (социальная сеть) | ||
| 773 | t | Заглавие источника | РИСК: ресурсы, информация, снабжение, конкуренция | |
| d | Дата издания источника | 2011 | ||
| g | Прочая информация | № 4. - С. 561 - 565 : рис. | ||
| w | Контрольный № источника | RU/IS/BASE/384345860 | ||
| 901 | t | Тип документа | b |